000 00926 a2200169 4500
003 Nust
005 20170207154036.0
020 _a1904811906
040 _cNust
082 _a005.133
100 _aHeffelfinger, David R.
245 _aJasperReports for java developers : create, design, format, and export reports with the world's most popular java reporting library- (E-BOOK)
_cDavid R. Heffelfinger
260 _aBIRMINGHAM
_bPackt
_c2006
300 _a339 p.
505 _aChapter 1: An Overview of JasperReports (Page- 7) Chapter 2: Adding Reporting Capabilities to Java Applications (Page-19) Chapter 3: Creating Your First Report (Page-29) Chapter 4: Creating Dynamic Database Reports (Page- 55) Chapter 5: Working with Other Datasources (Page-79 Chapter 6: Report Layout and Design (Page-115) Chapter 7: Adding Charts and Graphics to Reports (Page-169) Chapter 8: Other JasperReports Features (Page-191)
650 _aE-BOOK
942 _2ddc
_cBK
999 _c192389
_d192389